|
|
|
|
| LEADER |
00793nam a2200217Ia 4500 |
| 001 |
CTU_40279 |
| 008 |
210402s9999 xx 000 0 und d |
| 020 |
|
|
|c 16000
|
| 082 |
|
|
|a 428.0076
|
| 082 |
|
|
|b S438
|
| 100 |
|
|
|a Seameo, Retrac
|
| 245 |
|
0 |
|a TOEFL reading flash :
|
| 245 |
|
4 |
|b The reading comprehension section of the TOEFL Test
|
| 245 |
|
0 |
|c Retract Seameo ; Nguyễn Hoàng Vĩnh Lộc
|
| 260 |
|
|
|a Tp. Hồ Chí Minh
|
| 260 |
|
|
|b Nhà xuất bản Tp.Hồ Chí Minh
|
| 260 |
|
|
|c 2000
|
| 650 |
|
|
|a English language,English language
|
| 650 |
|
|
|x Examinations,Study guides,Textbooks for foreign speakers
|
| 904 |
|
|
|i Minh,Mai chuyển số PL từ 428.2076 thành 428.0076 chưa in nhãn
|
| 980 |
|
|
|a Trung tâm Học liệu Trường Đại học Cần Thơ
|